| 000 | 01234nam a22002894a 4500 | ||
|---|---|---|---|
| 001 | 507 | ||
| 003 | BR-RjBN | ||
| 005 | 20260520082638.0 | ||
| 008 | 140101s2014 mg 000 f por d | ||
| 020 | _a9788582861097 | ||
| 040 |
_bpor _aBR-IBIA _cBR-IBIA _erda |
||
| 041 | 1 | _apor | |
| 082 |
_a869.93 _bP644a |
||
| 100 | 1 | _aPimenta, Paula. | |
| 245 | 1 | 0 |
_aAntes do filme começar : _bfazendo meu filme em quadrinhos #1 / _cPaula Pimenta, Valdo Alves. |
| 260 |
_aBelo Horizonte : _bNemo, _c2014. |
||
| 300 |
_a80 p. : _bil. ; _c23 cm. |
||
| 520 | _aEm versão em quadrinhos, os personagens da série Fazendo Meu Filme retornam para apresentar momentos marcantes da amizade entre Fani e Leo. Neste primeiro volume, os leitores acompanham o início da relação entre os personagens e os desafios enfrentados por Fani para organizar um aniversário inesquecível para o amigo. A obra mistura humor, amizade e situações típicas da adolescência em uma narrativa leve e divertida. | ||
| 650 | 0 |
_aLiteratura brasileira. _9205 |
|
| 650 | 0 | _aHistórias em quadrinhos. | |
| 650 | 0 |
_aAdolescência. _91093 |
|
| 650 | 0 |
_aAmizade. _9556 |
|
| 655 | 0 | _aQuadrinhos. | |
| 655 | 0 |
_aFicção. _922 |
|
| 700 | 1 | _aAlves, Valdo. | |
| 942 |
_2ddc _n0 _cBK |
||
| 999 |
_c507 _d507 |
||